000
00202nam a2200109Ia 4500
100
_a
EDGAR/SNOW
942
_c
BK
245
_a
THE LONG REVOLUTION.
260
_b
#N/A
546
_a
ENGLISH
999
_c
24591
_d
24591